Toutes les communes de Corse-du-Sud sur une carte - Statistiques

Statistiques générales
  • Ce quiz a été pris 322 fois
  • Le résultat moyen est 30 sur 124
Réponses sur la Carte
Les réponses sont colorées sur une échelle allant du rouge au vert en fonction du pourcentage des utilisateurs qui les ont devinées à leur premier essai. Vous pouvez retrouver ces pourcentages ci-dessous.
 
Statistiques - réponses
Population Commune % Correct
72 647 Ajaccio
98%
3 204 Bonifacio
90%
11 040 Porto-Vecchio
88%
3 408 Sartène
80%
3 705 Propriano
67%
1 559 Figari
53%
2 755 Zonza
52%
517 Bastelica
49%
1 280 Cargèse
47%
461 Piana
46%
3 277 Afa
45%
4 250 Bastelicaccia
45%
372 Bocognano
38%
3 562 Alata
37%
1 217 Olmeto
36%
929 Vico
36%
3 398 Grosseto-Prugna
34%
195 Quenza
34%
352 Sari-d'Orcino
34%
1 411 Sari-Solenzara
34%
674 Levie
33%
381 Sainte-Lucie-de-Tallano
33%
724 Coti-Chiavari
32%
159 Belvédère-Campomoro
31%
1 492 Cauro
30%
213 Évisa
30%
102 Santa-Maria-Figaniella
30%
387 Santa-Maria-Siché
30%
1 556 Sotta
30%
1 151 Conca
29%
511 Ota
29%
219 Zicavo
29%
2 032 Cuttoli-Corticchiato
28%
606 Vero
27%
564 Petreto-Bicchisano
26%
901 Pianottoli-Caldarello
26%
1 945 Pietrosella
26%
563 Serra-di-Ferro
26%
81 Serra-di-Scopamène
26%
121 Tolla
26%
403 Villanova
26%
105 Campo
25%
278 Cozzano
24%
1 353 Eccica-Suarella
24%
152 Soccia
24%
185 Aullène
23%
1 889 Lecci
23%
1 785 Albitreccia
22%
1 795 Appietto
22%
52 Bilia
22%
503 Calcatoggio
22%
375 Carbuccia
22%
219 Casalabriva
22%
559 Monacia-d'Aullène
22%
218 Olivese
22%
2 038 Peri
22%
3 309 Sarrola-Carcopino
22%
394 Tavera
22%
114 Carbini
21%
53 Grossa
21%
96 Pastricciola
21%
52 Zévaco
21%
66 Zoza
21%
158 Guagno
20%
50 Orto
20%
854 Viggianello
20%
628 Ocana
19%
61 Renno
19%
501 Ucciani
19%
522 Valle-di-Mezzana
19%
133 Ciamannacce
18%
91 Giuncheto
18%
152 Guitera-les-Bains
18%
134 Palneca
18%
405 Tavaco
18%
67 Cristinacce
17%
209 Fozzano
17%
153 Guargualé
17%
1 077 San-Gavino-di-Carbini
17%
87 Tasso
17%
722 Coggia
16%
151 Foce
16%
106 Marignana
16%
259 Moca-Croce
16%
125 Sant'Andréa-d'Orcino
16%
48 Zérubia
16%
384 Casaglione
15%
98 Osani
15%
278 Pila-Canale
15%
372 Sollacaro
15%
54 Altagène
14%
77 Argiusta-Moriccio
14%
51 Quasquara
14%
72 Sorbollano
14%
128 Zigliara
14%
159 Arbellara
13%
73 Corrano
13%
81 Sampolo
13%
140 Frasseto
12%
93 Granace
12%
95 Partinello
12%
120 Serriera
12%
74 Ambiegna
11%
146 Balogna
11%
60 Cargiaca
11%
65 Rezza
11%
89 Salice
11%
59 Urbalacone
11%
80 Arro
10%
193 Azilone-Ampaza
10%
53 Azzana
10%
76 Cannelle
10%
52 Loreto-di-Tallano
10%
28 Mela
10%
101 Murzo
10%
114 Poggiolo
10%
54 Arbori
9%
83 Forciolo
9%
128 Letia
9%
102 Lopigna
9%
119 Olmiccia
9%
175 Cognocoli-Monticchi
8%
50 Rosazia
8%
31 Cardo-Torgia
6%
Aucun quiz correspondant
Distribution des résultats
% des personnes avec chaque résultat
Percentile par nombre de réponses
Votre historique - résultats
Vous n’avez pas pris ce quiz